[Event "Verkhnya Salda-ch"]
[Site "Verkhnya Salda"]
[Date "2010.03.13"]
[Round "10"]
[White "Androsenko, Igor"]
[Black "Bukhtatov, Anatoly"]
[Result "1/2-1/2"]
[WhiteElo "1991"]
[BlackElo "1911"]
[PlyCount "120"]
[EventDate "2010.02.13"]
[EventType "tourn"]
[EventRounds "11"]
[EventCountry "RUS"]
[SourceTitle "EXT 2022"]
[Source "ChessBase"]
[SourceDate "2021.10.06"]
[SourceVersion "1"]
[SourceVersionDate "2021.10.06"]
[SourceQuality "1"]

1. c4 Nf6 2. Nc3 e6 3. e4 c5 4. e5 Ng8 5. Bd3 Ne7 6. f4 Ng6 7. Nge2 Be7 8. 0-0 Nc6 9. b3 f5 10. Bc2 d5 11. cxd5 exd5 12. d4 cxd4 13. Nxd4 0-0 14. Kh1 Nxd4 15. Qxd4 Be6 16. Rd1 Rc8 17. Bb1 Bc5 18. Qd3 Qh4 19. Ne2 Qf2 20. Bd2 Nh4 21. Rg1 Ng6 22. Bc2 Qh4 23. Rgf1 d4 24. Be1 Qd8 25. Bf2 Bd5 26. Qh3 d3 27. Bxd3 Bxf2 28. Rxf2 Nh4 29. Kg1 Rc6 30. Nd4 Bxg2 31. Nxc6 bxc6 32. Rxg2 Qd4+ 33. Kh1 Nxg2 34. Bxf5 Qxa1+ 35. Kxg2 Qxa2+ 36. Kf1 Qa1+ 37. Ke2 Qb2+ 38. Ke1 g6 39. Be6+ Kg7 40. Qh4 Qc3+ 41. Ke2 Qc5 42. Bc4 a5 43. Qg5 a4 44. h4 axb3 45. Bd3 Rf7 46. h5 Qe7 47. Qg3 Kf8 48. hxg6 hxg6 49. Bxg6 Rg7 50. f5 Rxg6 51. Qxg6 Qxe5+ 52. Kd2 Qd4+ 53. Ke2 b2 54. f6 Qc4+ 55. Kd1 Qc1+ 56. Ke2 Qc4+ 57. Kd1 Qf7 58. Qh6+ Ke8 59. Kc2 b1Q+ 60. Kxb1 Qb3+ 1/2-1/2

[Event "Verkhnya Salda-ch"]
[Site "Verkhnya Salda"]
[Date "2010.03.04"]
[Round "7"]
[White "Bukhtatov, Anatoly"]
[Black "Berezov, Vladimir"]
[Result "1-0"]
[WhiteElo "1911"]
[BlackElo "2086"]
[PlyCount "105"]
[EventDate "2010.02.13"]
[EventType "tourn"]
[EventRounds "11"]
[EventCountry "RUS"]
[SourceTitle "EXT 2022"]
[Source "ChessBase"]
[SourceDate "2021.10.06"]
[SourceVersion "1"]
[SourceVersionDate "2021.10.06"]
[SourceQuality "1"]

1. e4 d5 2. exd5 Qxd5 3. d4 Qe4+ 4. Be3 Bf5 5. c3 e6 6. Nd2 Qh4 7. g3 Qd8 8. Qb3 Qc8 9. Bg2 c6 10. Ngf3 Nf6 11. 0-0 Nd5 12. a3 Be7 13. c4 Nxe3 14. fxe3 Nd7 15. Rac1 0-0 16. c5 e5 17. Qc3 exd4 18. exd4 Nf6 19. Ne5 Bh3 20. Qf3 Bxg2 21. Kxg2 Qd8 22. Nb3 Qd5 23. Qxd5 Nxd5 24. Rfe1 Bg5 25. Rb1 f6 26. Nc4 f5 27. Kf3 f4 28. g4 Bh4 29. Re4 Rae8 30. Nd6 Rxe4 31. Nxe4 Re8 32. Nbd2 Re7 33. Rc1 Re6 34. Nc4 Be7 35. Rc2 Rh6 36. Ned6 Rh3+ 37. Ke4 g5 38. Re2 Kf8 39. Nxb7 Nf6+ 40. Kf5 Rd3 41. Rd2 Rxd2 42. Nxd2 Nd5 43. Ke4 Ne3 44. h3 Nd1 45. Nc4 Bf6 46. Ne5 Nxb2 47. Nxc6 Nc4 48. d5 Nxa3 49. Nxa7 Ke7 50. c6 Nc4 51. Nb5 Nb6 52. d6+ Ke6 53. Nc7+ 1-0

[Event "Verkhnya Salda-ch"]
[Site "Verkhnya Salda"]
[Date "2010.02.27"]
[Round "5"]
[White "Bukhtatov, Anatoly"]
[Black "Yaschenko, Yury"]
[Result "0-1"]
[WhiteElo "1911"]
[BlackElo "1978"]
[PlyCount "66"]
[EventDate "2010.02.13"]
[EventType "tourn"]
[EventRounds "11"]
[EventCountry "RUS"]
[SourceTitle "EXT 2022"]
[Source "ChessBase"]
[SourceDate "2021.10.06"]
[SourceVersion "1"]
[SourceVersionDate "2021.10.06"]
[SourceQuality "1"]

1. Nf3 Nf6 2. g3 g6 3. Bg2 Bg7 4. 0-0 c5 5. d3 d5 6. Nbd2 0-0 7. e4 d4 8. e5 Nd5 9. Re1 Nc6 10. Nb3 b6 11. h3 e6 12. Bf4 Nxf4 13. gxf4 Bb7 14. Nbd2 Bh6 15. Ne4 Bxf4 16. Nd6 Qe7 17. Nxb7 Qxb7 18. Nxd4 cxd4 19. Qf3 Bxe5 20. Rxe5 Rac8 21. Re2 Qd7 22. a3 Ne7 23. h4 Rc5 24. Bh3 Rfc8 25. Rxe6 fxe6 26. Re1 Nf5 27. h5 Re8 28. Re4 g5 29. h6 Nxh6 30. Qf6 Nf7 31. Bg4 Qe7 32. Qxd4 e5 33. Qe3 Rxc2 0-1

[Event "Verkhnya Salda-ch"]
[Site "Verkhnya Salda"]
[Date "2010.02.20"]
[Round "3"]
[White "Bukhtatov, Anatoly"]
[Black "Bogdanov, Alexander1"]
[Result "0-1"]
[WhiteElo "1911"]
[BlackElo "1930"]
[PlyCount "120"]
[EventDate "2010.02.13"]
[EventType "tourn"]
[EventRounds "11"]
[EventCountry "RUS"]
[SourceTitle "EXT 2022"]
[Source "ChessBase"]
[SourceDate "2021.10.06"]
[SourceVersion "1"]
[SourceVersionDate "2021.10.06"]
[SourceQuality "1"]

1. e4 c5 2. Nf3 d6 3. d3 Nf6 4. Nbd2 e5 5. Be2 Be7 6. 0-0 0-0 7. Nc4 b5 8. Ne3 Bb7 9. b3 Re8 10. c4 a6 11. g4 Nc6 12. g5 Nd7 13. Nd5 Nd4 14. Nxe7+ Qxe7 15. Nxd4 cxd4 16. Bf3 Nc5 17. Bg2 Ne6 18. Qg4 Bc8 19. Qg3 f6 20. gxf6 Qxf6 21. f4 Nxf4 22. Bxf4 exf4 23. Qxf4 Qg6 24. Kh1 Bd7 25. Qf2 bxc4 26. bxc4 Re5 27. Qxd4 Qh6 28. Qf2 Be6 29. Qf4 Qxf4 30. Rxf4 Rb8 31. Raf1 Ra5 32. R4f2 Ra3 33. Rd2 Rb4 34. Rc1 Rba4 35. Rcc2 Kf7 36. Kg1 Kf6 37. Kf2 g5 38. Bf1 Ke5 39. c5 dxc5 40. Rxc5+ Kf4 41. Bg2 Rxa2 42. Rcc2 Rxc2 43. Rxc2 Ra2 44. Rxa2 Bxa2 45. Ke2 Bb1 46. Kd2 a5 47. Bf1 a4 48. Kc1 Ba2 49. Kb2 Be6 50. Be2 Ke3 51. Bd1 Kxd3 52. Bxa4 Kxe4 53. Bc2+ Kf3 54. Bxh7 Kg2 55. Be4+ Kxh2 56. Kc2 g4 57. Kd2 g3 58. Ke1 Bh3 59. Bd5 Bg2 60. Be6 Bf3 0-1